[Event "Asia-ch U20 (girls)"]
[Site "Chennai IND"]
[Date "2008.12.06"]
[Round "1"]
[White "Aparna, Raja"]
[Black "Raghavi, Nagarajan"]
[Result "0-1"]
[WhiteElo "1753"]
[BlackElo "2099"]
[EventDate "2008.12.05"]
[PlyCount "86"]

1.e4 c5 2.Nf3 Nc6 3.d4 cxd4 4.Nxd4 Nf6 5.Nc3 e5 6.Ndb5 d6 7.Bg5 a6 8.Na3 
b5 9.Bxf6 gxf6 10.Nd5 Bg7 11.c3 f5 12.exf5 Bxf5 13.Nc2 Be6 14.Nce3 Ne7 15.
g3 Nxd5 16.Nxd5 O-O 17.Bg2 f5 18.O-O Rb8 19.Nb4 Rb6 20.Nd5 Rb8 21.Nb4 Rb6 
22.Nd5 e4 23.Nxb6 Qxb6 24.Qd2 d5 25.a4 b4 26.cxb4 Rb8 27.Rfc1 Qxb4 28.Qxb4
Rxb4 29.Rc6 Kf7 30.Rxa6 Bxb2 31.Rd1 d4 32.Ra7+ Kf6 33.Bf1 d3 34.Bxd3 exd3 
35.Rxd3 h6 36.Ra6 Bd4 37.Rd2 Kf7 38.Rd6 Be5 39.Ra6 f4 40.gxf4 Bh3 41.Rd1 
Bxf4 42.a5 Rb5 43.Ra1 Rg5+ 0-1

[Event "Asia-ch U20 (girls)"]
[Site "Chennai IND"]
[Date "2008.12.06"]
[Round "1"]
[White "Apurva, G"]
[Black "Gomes, Mary Ann"]
[Result "0-1"]
[WhiteElo "1909"]
[BlackElo "2298"]
[EventDate "2008.12.05"]
[PlyCount "88"]

1.e4 c5 2.Nf3 d6 3.d4 cxd4 4.Nxd4 Nf6 5.Nc3 a6 6.Be3 e5 7.Nb3 Be6 8.f3 
Nbd7 9.Qd2 b5 10.O-O-O Nb6 11.Kb1 Rc8 12.g4 b4 13.Bxb6 Qxb6 14.Nd5 Bxd5 
15.exd5 Be7 16.h4 a5 17.Qe2 O-O 18.f4 a4 19.Nc1 Qc5 20.Nd3 Qxd5 21.Bg2 Qc4
22.fxe5 dxe5 23.g5 Nh5 24.Nc1 Nf4 25.Qxc4 Rxc4 26.Bf1 Rd4 27.Rxd4 exd4 28.
Bb5 a3 29.Nd3 Nd5 30.Ne5 Bd6 31.Nf3 axb2 32.Kxb2 Rc8 33.Ba4 Rc3 34.Nd2 Be5
35.Bb3 d3 36.Kb1 dxc2+ 37.Bxc2 Rc8 38.Ne4 Ne3 39.Bb3 Nc4 40.a3 Nxa3+ 41.
Ka2 Nb5 42.Rh3 Rc1 43.Bd5 Ra1+ 44.Kb3 Ra3+ 0-1

[Event "Asia-ch U20 (girls)"]
[Site "Chennai IND"]
[Date "2008.12.06"]
[Round "1"]
[White "Apurva, G"]
[Black "Preethi, Rajkumar"]
[Result "1/2-1/2"]
[WhiteElo "1909"]
[BlackElo "2156"]
[EventDate "2008.12.05"]
[PlyCount "121"]

1.e4 c5 2.c3 Nf6 3.e5 Nd5 4.d4 cxd4 5.Qxd4 e6 6.Nf3 Nc6 7.Qe4 f5 8.exf6 
Nxf6 9.Qh4 d5 10.Bd3 e5 11.Bg6+ Kd7 12.Ng5 Qe7 13.O-O Kc7 14.Re1 Be6 15.
Na3 a6 16.Nc2 Qd7 17.Nd4 Nxd4 18.cxd4 e4 19.Bf4+ Bd6 20.Bxd6+ Qxd6 21.
Nxe6+ Qxe6 22.Qf4+ Kb6 23.Bf5 Qe7 24.f3 g6 25.Bh3 Rhf8 26.Qe3 Qd6 27.Rf1 
Rae8 28.Rae1 h5 29.Qb3+ Ka7 30.g3 exf3 31.Rxe8 f2+ 32.Rxf2 Rxe8 33.Bg2 h4 
34.Qc3 hxg3 35.hxg3 Ng4 36.Rf4 Re3 37.Qc8 Rxg3 38.Rxg4 Rd3 39.Qc5+ Qxc5 
40.dxc5 Rd1+ 41.Kh2 Rd2 42.Rb4 Rc2 43.Rb6 Rxc5 44.Rb3 Rc2 45.Kh3 Rd2 46.
Bf3 b5 47.Kg4 Kb6 48.Kf4 d4 49.Be4 a5 50.Bd3 b4 51.a3 Kc5 52.axb4+ axb4 
53.Bxg6 Rf2+ 54.Ke4 Kc4 55.Rf3 Rxf3 56.Kxf3 Kb3 57.Ke4 Kxb2 58.Kxd4 Ka2 
59.Bf7+ b3 60.Kc3 Ka3 61.Bxb3 1/2-1/2

[Event "Asia-ch U20 (girls)"]
[Site "Chennai IND"]
[Date "2008.12.06"]
[Round "1"]
[White "Bhakti, Kulkarni"]
[Black "Khushboo, M"]
[Result "1-0"]
[WhiteElo "2163"]
[BlackElo "1827"]
[EventDate "2008.12.05"]
[PlyCount "61"]

1.d4 d5 2.Nf3 g6 3.e3 Bg7 4.Bd3 Nf6 5.Nbd2 O-O 6.O-O Nbd7 7.b3 Re8 8.Bb2 
c6 9.Qe2 Nf8 10.Ne5 N8d7 11.f4 Qc7 12.Qf3 Nf8 13.g4 Ne6 14.h4 Nd7 15.f5 
Nxe5 16.dxe5 Nd8 17.Qf4 Rf8 18.h5 Qd7 19.h6 Bh8 20.fxg6 hxg6 21.h7+ Kxh7 
22.e6 Bxb2 23.exd7 Bxa1 24.dxc8=Q Rxc8 25.Rxa1 Ne6 26.Qe5 Rh8 27.Rf1 Rcf8 
28.Kg2 Kg8 29.Bxg6 fxg6 30.Qxe6+ Kg7 31.Qxe7+ 1-0

[Event "Asia-ch U20 (girls)"]
[Site "Chennai IND"]
[Date "2008.12.06"]
[Round "1"]
[White "Bharathi, R"]
[Black "Sowmia, A"]
[Result "1-0"]
[WhiteElo "2031"]
[BlackElo "1685"]
[EventDate "2008.12.05"]
[PlyCount "53"]

1.e4 c6 2.d4 d5 3.exd5 cxd5 4.c4 Nf6 5.Nc3 Nc6 6.Nf3 Bg4 7.cxd5 Nxd5 8.Qb3
Nxc3 9.bxc3 Bxf3 10.gxf3 Qc7 11.d5 Nb8 12.Bb5+ Nd7 13.O-O a6 14.Bxd7+ Qxd7
15.a4 a5 16.Rb1 O-O-O 17.c4 g5 18.Bd2 Qc7 19.Bxa5 Qb8 20.Bxd8 Kxd8 21.Qxb7
Qxb7 22.Rxb7 Bg7 23.Rfb1 Be5 24.c5 Rg8 25.Rb8+ Bxb8 26.Rxb8+ Kc7 27.Rxg8 
1-0

[Event "Asia-ch U20 (girls)"]
[Site "Chennai IND"]
[Date "2008.12.06"]
[Round "1"]
[White "Bhuvaneshwari, R"]
[Black "Harini, S"]
[Result "0-1"]
[WhiteElo "1650"]
[BlackElo "2001"]
[EventDate "2008.12.05"]
[PlyCount "72"]

1.c4 e5 2.Nc3 d6 3.g3 Nc6 4.Bg2 f5 5.d3 Nf6 6.Nf3 g6 7.O-O Bg7 8.Rb1 a5 9.
a3 O-O 10.b4 axb4 11.axb4 h6 12.b5 Ne7 13.Bb2 Be6 14.Ra1 Qd7 15.Qc2 g5 16.
Rxa8 Rxa8 17.Ra1 Rb8 18.Ra7 Ng6 19.Qa4 d5 20.c5 d4 21.c6 bxc6 22.bxc6 Qd6 
23.Ba3 Qd8 24.Nb5 Nd5 25.Qa5 Qe8 26.Nd2 Qxc6 27.Nxc7 e4 28.Nxd5 Qxd5 29.
Qxd5 Bxd5 30.dxe4 fxe4 31.Nxe4 Rb1+ 32.Bf1 Bxe4 33.Ra6 d3 34.exd3 Bxd3 35.
Ra8+ Kh7 36.Rd8 Bxf1 0-1

[Event "Asia-ch U20 (girls)"]
[Site "Chennai IND"]
[Date "2008.12.06"]
[Round "1"]
[White "Divyasri, CH"]
[Black "Thilakawardana, Supeshala"]
[Result "1-0"]
[WhiteElo "2124"]
[BlackElo "1815"]
[EventDate "2008.12.05"]
[PlyCount "55"]

1.e4 c5 2.c3 Nc6 3.Nf3 d6 4.d4 cxd4 5.cxd4 Nf6 6.Bd3 Bg4 7.d5 Bxf3 8.Qxf3 
Ne5 9.Bb5+ Nfd7 10.Qb3 Qc7 11.O-O a6 12.Bxd7+ Nxd7 13.Be3 Rc8 14.Na3 Nc5 
15.Qc2 Nd7 16.Qa4 e5 17.dxe6 fxe6 18.Rac1 Qb8 19.Rxc8+ Qxc8 20.Rc1 Qb8 21.
Bb6 Be7 22.Rc7 Qd8 23.Rxb7 Qc8 24.Rc7 Qd8 25.Qc6 Kf7 26.Rxd7 Qc8 27.Rc7 
Qd8 28.Nc4 1-0

[Event "Asia-ch U20 (girls)"]
[Site "Chennai IND"]
[Date "2008.12.06"]
[Round "1"]
[White "Gagare, Shalmali"]
[Black "Janu, V"]
[Result "1-0"]
[WhiteElo "2110"]
[BlackElo "1768"]
[EventDate "2008.12.05"]
[PlyCount "77"]

1.c4 Nf6 2.Nc3 g6 3.g3 Bg7 4.Bg2 d6 5.Nf3 O-O 6.O-O Nc6 7.d3 e5 8.Rb1 Rb8 
9.b4 Ne7 10.b5 Nd7 11.Nd5 Nxd5 12.cxd5 f5 13.a4 f4 14.Ba3 Rf7 15.Qc2 Bf8 
16.Rb4 Bh6 17.Nd2 Nf6 18.Rc4 Qe7 19.Ne4 Ne8 20.a5 Bf5 21.b6 axb6 22.axb6 
Bxe4 23.bxc7 Nxc7 24.dxe4 Nb5 25.Bb2 fxg3 26.hxg3 Rbf8 27.Qb3 Na7 28.Bh3 
Kh8 29.Be6 Rf6 30.Kg2 g5 31.Bc1 Qg7 32.Qb6 g4 33.Rc7 Qg6 34.Bf5 Rxf5 35.
exf5 Rxf5 36.Bxh6 Qxh6 37.Rh1 Rh5 38.Rxh5 Qxh5 39.Qxa7 1-0

[Event "Asia-ch U20 (girls)"]
[Site "Chennai IND"]
[Date "2008.12.06"]
[Round "1"]
[White "Meenu, Rajendran"]
[Black "Sushmitha, G"]
[Result "1-0"]
[WhiteElo "1977"]
[BlackElo "1558"]
[EventDate "2008.12.05"]
[PlyCount "58"]

1.e4 c5 2.Nc3 d6 3.f4 e6 4.Nf3 Ne7 5.Bc4 g6 6.d3 Bg7 7.O-O O-O 8.Qe1 Nec6 
9.f5 Bf6 10.Bh6 Re8 11.fxe6 Bxe6 12.Bxe6 fxe6 13.Qg3 Nd4 14.Nxd4 Bxd4+ 15.
Kh1 Nc6 16.Rab1 Be5 17.Qg4 Nd4 18.Rf2 Bg7 19.Bxg7 Kxg7 20.Rbf1 Re7 21.Qf4 
Kg8 22.Nd1 Rc8 23.Ne3 Rcc7 24.Ng4 Rf7 25.Nh6+ Kg7 26.Nxf7 Qd7 27.Qh6+ Kg8 
28.Ne5 Nf5 29.Nxd7 Rxd7 1-0

[Event "Asia-ch U20 (girls)"]
[Site "Chennai IND"]
[Date "2008.12.06"]
[Round "1"]
[White "Michelle, Catherina P"]
[Black "Mohana, Priya J"]
[Result "0-1"]
[WhiteElo "1713"]
[BlackElo "2073"]
[EventDate "2008.12.05"]
[PlyCount "62"]

1.e4 e5 2.Nf3 Nc6 3.Nc3 Nf6 4.d4 exd4 5.Nxd4 Bb4 6.Nxc6 bxc6 7.Bd3 O-O 8.
O-O d5 9.exd5 cxd5 10.Bg5 c6 11.Qf3 Be7 12.h3 Rb8 13.b3 Kh8 14.Ne2 c5 15.
Ng3 g6 16.Rfe1 Be6 17.h4 Ng8 18.Bf4 Rb6 19.h5 Bf6 20.Rad1 Qd7 21.Qe3 Bg4 
22.Rb1 Re6 23.Qxc5 Rc8 24.Qa3 gxh5 25.f3 Bd4+ 26.Kh1 h4 27.Ne2 Bxf3 28.
gxf3 Rxe2 29.Bxe2 Qh3+ 30.Bh2 Be5 31.Qb2 Qxh2# 0-1

[Event "Asia-ch U20 (girls)"]
[Site "Chennai IND"]
[Date "2008.12.06"]
[Round "1"]
[White "Nadig, Kruttika"]
[Black "Aparajita, Gochhikar"]
[Result "1-0"]
[WhiteElo "2387"]
[BlackElo "1918"]
[EventDate "2008.12.05"]
[PlyCount "61"]

1.e4 d6 2.d4 Nf6 3.Nc3 g6 4.f4 Bg7 5.Nf3 c6 6.a4 a5 7.Bd3 Qc7 8.O-O O-O 9.
Kh1 Rd8 10.e5 dxe5 11.fxe5 Ng4 12.Qe1 h5 13.h3 Nh6 14.Qf2 Be6 15.Ng5 Qd7 
16.Nxe6 Qxe6 17.b3 Rf8 18.Bxh6 Bxh6 19.Bc4 Qf5 20.Qxf5 gxf5 21.Rxf5 Be3 
22.Rd1 e6 23.Rxh5 Rd8 24.Ne4 Nd7 25.Rd3 Bc1 26.Nf6+ Nxf6 27.exf6 Bf4 28.
Rh4 Bc7 29.Re3 c5 30.c3 cxd4 31.Ree4 1-0

[Event "Asia-ch U20 (girls)"]
[Site "Chennai IND"]
[Date "2008.12.06"]
[Round "1"]
[White "Sivasankari, P"]
[Black "Dharani, Sree R"]
[Result "1-0"]
[WhiteElo "2089"]
[BlackElo "1733"]
[EventDate "2008.12.05"]
[PlyCount "169"]

1.d4 Nf6 2.c4 g6 3.Nc3 d5 4.cxd5 Nxd5 5.e4 Nxc3 6.bxc3 Bg7 7.Nf3 c5 8.Bb5+
Bd7 9.Bxd7+ Nxd7 10.O-O O-O 11.Rb1 Qc7 12.Qe2 a6 13.Be3 b5 14.Rfc1 Rac8 
15.g3 Qb7 16.Nd2 Nf6 17.f3 Nd7 18.dxc5 Nxc5 19.Bd4 Rfd8 20.e5 Ne6 21.Nb3 
Ng5 22.Kg2 Qd7 23.Be3 Ne6 24.f4 Qd5+ 25.Kg1 Qe4 26.Qe1 Rd3 27.Bd4 Qf3 28.
Qf1 Nxd4 29.cxd4 Qe3+ 30.Qf2 Qxf2+ 31.Kxf2 Rcc3 32.Rxc3 Rxc3 33.Rc1 Rxc1 
34.Nxc1 Kf8 35.Ke3 e6 36.Ke4 Ke7 37.Nd3 Bf8 38.d5 exd5+ 39.Kxd5 Kd7 40.g4 
a5 41.f5 gxf5 42.gxf5 Ba3 43.e6+ fxe6+ 44.fxe6+ Ke7 45.Ne5 a4 46.Nc6+ Ke8 
47.Nd4 Ke7 48.Nxb5 Bc1 49.Nd4 Ba3 50.Nc6+ Ke8 51.Kc4 Bd6 52.h3 a3 53.Kd5 
Bf8 54.Ke5 Bg7+ 55.Kd5 Bf8 56.Nd4 Bb4 57.Nf5 Bf8 58.e7 Bxe7 59.Nxe7 Kxe7 
60.Kc4 Kd6 61.Kb3 Kc5 62.Kxa3 Kc4 63.Kb2 Kb4 64.h4 h5 65.Kc2 Kc4 66.a3 Kb5
67.Kd3 Ka4 68.Ke4 Kxa3 69.Kf5 Kb4 70.Kg5 Kc5 71.Kxh5 Kd5 72.Kg6 Ke5 73.h5 
Kf4 74.h6 Ke3 75.h7 Kd2 76.h8=Q Kd3 77.Qe5 Kd2 78.Kf5 Kd3 79.Qe4+ Kc3 80.
Ke5 Kb2 81.Qd3 Ka1 82.Qd2 Kb1 83.Kd4 Ka1 84.Kc3 Kb1 85.Qb2# 1-0

[Event "Asia-ch U20 (girls)"]
[Site "Chennai IND"]
[Date "2008.12.06"]
[Round "1"]
[White "Supriya, Joshi"]
[Black "Uthra, P"]
[Result "1-0"]
[WhiteElo "1771"]
[BlackElo "2114"]
[EventDate "2008.12.05"]
[PlyCount "135"]

1.e4 c5 2.Nc3 Nc6 3.f4 g6 4.Nf3 Bg7 5.Bb5 a6 6.Bxc6 bxc6 7.d3 d5 8.e5 e6 
9.O-O Ne7 10.b3 Nf5 11.Na4 Bf8 12.Qe1 Nd4 13.Qf2 Nxf3+ 14.Qxf3 Qa5 15.Ba3 
Bb7 16.Qf2 d4 17.Rac1 Rd8 18.c3 Be7 19.cxd4 cxd4 20.Bxe7 Kxe7 21.Qh4+ Ke8 
22.Qf6 Rg8 23.Nc5 Bc8 24.Ne4 Qc7 25.Nd6+ Rxd6 26.exd6 Qxd6 27.Rc4 Bb7 28.
Rxd4 Qc7 29.Qe5 Qc8 30.Rc1 h6 31.b4 Ke7 32.Qd6+ Ke8 33.a4 Qa8 34.Qd7+ Kf8 
35.Qd8+ Kg7 36.Qxa8 Bxa8 37.Rd7 Rb8 38.Rc4 Kf8 39.Kf2 Ke8 40.Rc7 Rd8 41.
Ke3 c5 42.bxc5 Bxg2 43.Ra7 Ra8 44.Rxa8+ Bxa8 45.c6 Kd8 46.c7+ Kc8 47.a5 
Bd5 48.Rc5 g5 49.fxg5 hxg5 50.Kf2 f5 51.h3 f4 52.d4 Be4 53.Rxg5 Kxc7 54.
Re5 Bd5 55.Rxd5 exd5 56.h4 Kd7 57.Kf3 Ke6 58.Kxf4 Kf6 59.h5 Ke6 60.h6 Kf6 
61.h7 Kg7 62.h8=Q+ Kxh8 63.Ke5 Kg7 64.Kxd5 Kf7 65.Kc6 Ke7 66.d5 Kd8 67.Kd6
Kc8 68.Ke7 1-0

[Event "Asia-ch U20 (girls)"]
[Site "Chennai IND"]
[Date "2008.12.07"]
[Round "2"]
[White "Aparajita, Gochhikar"]
[Black "Aparna, Raja"]
[Result "0-1"]
[WhiteElo "1918"]
[BlackElo "1753"]
[EventDate "2008.12.05"]
[PlyCount "80"]

1.e4 c5 2.c3 d5 3.exd5 Qxd5 4.d4 Nf6 5.Nf3 Bg4 6.Be2 e6 7.O-O Nc6 8.Be3 
cxd4 9.Nxd4 Bxe2 10.Qxe2 Nxd4 11.Bxd4 Be7 12.Rd1 Qf5 13.c4 O-O 14.Nc3 Rfd8
15.h3 Bb4 16.Qe3 Bxc3 17.Bxc3 b6 18.Rd4 Rxd4 19.Qxd4 Qe4 20.Rd1 Qxd4 21.
Rxd4 Kf8 22.f3 Ke8 23.Kf2 Rd8 24.Ke3 Rxd4 25.Bxd4 Kd7 26.b4 Ne8 27.a4 f6 
28.f4 Nd6 29.Kd3 Kc6 30.g4 Nf7 31.c5 bxc5 32.Bxc5 a6 33.Be7 e5 34.Ke4 exf4
35.Kxf4 Ne5 36.g5 Ng6+ 37.Kf5 Nxe7+ 38.Ke6 fxg5 39.Kxe7 h5 40.Ke6 g4 0-1

[Event "Asia-ch U20 (girls)"]
[Site "Chennai IND"]
[Date "2008.12.07"]
[Round "2"]
[White "Gomes, Mary Ann"]
[Black "Sivasankari, P"]
[Result "1/2-1/2"]
[WhiteElo "2298"]
[BlackElo "2089"]
[EventDate "2008.12.05"]
[PlyCount "158"]

1.Nf3 c5 2.c4 Nc6 3.Nc3 e5 4.g3 d6 5.Bg2 g6 6.O-O Bg7 7.d3 Nge7 8.a3 O-O 
9.Rb1 f5 10.Bd2 Rb8 11.b4 b6 12.Qc1 Kh8 13.Bh6 Be6 14.Bxg7+ Kxg7 15.e3 h6 
16.Rd1 Qc8 17.d4 Bxc4 18.b5 Na5 19.dxe5 d5 20.Qc2 Qe6 21.Nd2 d4 22.Na4 
dxe3 23.fxe3 Rfd8 24.Nxc4 Nxc4 25.Qc3 Nxe5 26.e4 Qf6 27.Nb2 fxe4 28.Bxe4 
Ng4 29.Qxf6+ Nxf6 30.Bf3 Nf5 31.Nc4 Nd4 32.Bc6 Ne2+ 33.Kf2 Nc3 34.Rxd8 
Rxd8 35.Re1 Nfd5 36.Kg1 Rf8 37.Re5 Nc7 38.Nd6 Kf6 39.Re3 Rd8 40.Ne8+ Nxe8 
41.Bxe8 g5 42.Bc6 Rd1+ 43.Kf2 Rd2+ 44.Kf3 Nd1 45.Re4 Rxh2 46.Re1 Rd2 47.
Rh1 Kg7 48.Re1 Rf2+ 49.Ke4 Nb2 50.Bd5 Rd2 51.Re3 Nd1 52.Rf3 Re2+ 53.Kd3 
Re7 54.Kd2 Rd7 55.Kxd1 Rxd5+ 56.Kc2 Kg6 57.Re3 Rd7 58.Re6+ Kh5 59.Re4 Rd4 
60.Re7 Kg4 61.Rxa7 Kxg3 62.Ra6 Rd6 63.a4 Rf6 64.a5 Rf2+ 65.Kb3 bxa5 66.
Rxh6 a4+ 67.Kxa4 Rb2 68.Rc6 g4 69.Rxc5 Kg2 70.Ka5 g3 71.b6 Kg1 72.Ka6 g2 
73.Rg5 Kf1 74.b7 g1=Q 75.Rxg1+ Kxg1 76.Ka7 Ra2+ 77.Kb6 Rb2+ 78.Kc7 Rc2+ 
79.Kb6 Rb2+ 1/2-1/2

[Event "Asia-ch U20 (girls)"]
[Site "Chennai IND"]
[Date "2008.12.07"]
[Round "2"]
[White "Harini, S"]
[Black "Bhakti, Kulkarni"]
[Result "0-1"]
[WhiteElo "2001"]
[BlackElo "2163"]
[EventDate "2008.12.05"]
[PlyCount "64"]

1.e4 c6 2.d4 d5 3.exd5 cxd5 4.c4 Nf6 5.Nc3 g6 6.Nf3 Bg7 7.Bg5 Ne4 8.cxd5 
Nxg5 9.Nxg5 O-O 10.Bc4 e6 11.Nxe6 Re8 12.O-O fxe6 13.dxe6 Bxe6 14.Bxe6+ 
Rxe6 15.Qb3 Qb6 16.Qd5 Na6 17.Rae1 Nc7 18.Qc4 Kh8 19.d5 Rxe1 20.Rxe1 Rf8 
21.Ne4 Ne8 22.Re2 Nd6 23.Nxd6 Qxd6 24.Re6 Qd7 25.b3 Rc8 26.Qf4 Qxd5 27.Re1
Rf8 28.Qb4 Kg8 29.g3 a5 30.Qe7 Bd4 31.Re2 Qf3 32.Qe6+ Kh8 0-1

[Event "Asia-ch U20 (girls)"]
[Site "Chennai IND"]
[Date "2008.12.07"]
[Round "2"]
[White "Khushboo, M"]
[Black "Michelle, Catherina P"]
[Result "1/2-1/2"]
[WhiteElo "1827"]
[BlackElo "1713"]
[EventDate "2008.12.05"]
[PlyCount "140"]

1.e4 e5 2.Bc4 Nf6 3.d3 Nc6 4.Nf3 Be7 5.c3 O-O 6.Bb3 d6 7.O-O Kh8 8.Nbd2 
Bg4 9.h3 Bh5 10.Re1 Nd7 11.Nf1 Nc5 12.Bc2 d5 13.Ng3 Bg6 14.Qe2 d4 15.Kh2 
Ne6 16.Qf1 b5 17.Bb3 Qd7 18.Bd5 f6 19.Kh1 Rab8 20.Nf5 Bc5 21.Bxe6 Qxe6 22.
N3h4 Bxf5 23.Nxf5 dxc3 24.bxc3 b4 25.Bd2 Rfd8 26.Qe2 bxc3 27.Bxc3 Bb4 28.
Rac1 Qd7 29.Red1 Bxc3 30.Rxc3 g6 31.Ne3 Nd4 32.Qd2 c6 33.Nc4 Rb5 34.Na3 
Rb7 35.Rdc1 Rdb8 36.Nc4 Rb5 37.Qe3 Kg7 38.a4 Rb4 39.Na5 R8b6 40.Nc4 Rb8 
41.a5 R4b5 42.a6 Rb1 43.Na5 R1b6 44.Nb7 Qe6 45.Nc5 Qe7 46.f4 Rb2 47.fxe5 
fxe5 48.Rc4 Rf8 49.Rxd4 exd4 50.Qxd4+ Qf6 51.Ne6+ Kg8 52.Qc4 Rf7 53.Qxc6 
Rb8 54.Qc8+ Rf8 55.Qc4 Rf7 56.Qd5 h6 57.e5 Qf5 58.Nd8 Kg7 59.Nxf7 Qxf7 60.
Qxf7+ Kxf7 61.Rc7+ Ke6 62.d4 Rd8 63.Rxa7 Rxd4 64.Rg7 g5 65.Rg6+ Kxe5 66.
Rxh6 Ra4 67.Rb6 Kf4 68.Kh2 Ra3 69.Rh6 Ra2 70.Rb6 Ra3 1/2-1/2

[Event "Asia-ch U20 (girls)"]
[Site "Chennai IND"]
[Date "2008.12.07"]
[Round "2"]
[White "Kiran, Manisha Mohanty"]
[Black "Meenu, Rajendran"]
[Result "1-0"]
[WhiteElo "2261"]
[BlackElo "1977"]
[EventDate "2008.12.05"]
[PlyCount "167"]

1.e4 e5 2.Nf3 Nc6 3.Bb5 a6 4.Ba4 Nf6 5.O-O Be7 6.Re1 b5 7.Bb3 d6 8.a4 Bb7 
9.d3 Na5 10.Ba2 c5 11.Nbd2 O-O 12.Nf1 Ne8 13.Ne3 Nc7 14.Bd2 Nc6 15.c3 Ne6 
16.Nf5 Bf6 17.h3 bxa4 18.Qxa4 Ne7 19.Nxe7+ Qxe7 20.Bc4 Qc7 21.Qc2 a5 22.
Ra3 Bc6 23.b3 Rfb8 24.Rea1 Bd8 25.Qa2 Qd7 26.Qc2 Qb7 27.b4 cxb4 28.cxb4 
axb4 29.Rxa8 Rxa8 30.Rb1 Ba5 31.Bxe6 fxe6 32.Ng5 Bd7 33.Qc4 Qc8 34.Qb3 h6 
35.Nf3 Rb8 36.d4 exd4 37.Nxd4 Kh7 38.Qd3 Kh8 39.Nb3 Qc7 40.Rc1 Qb6 41.Be3 
Qd8 42.Nxa5 Qxa5 43.Qxd6 Rb7 44.Bd4 Qd8 45.Bb2 b3 46.Rd1 Qe8 47.Qe5 Qe7 
48.h4 Be8 49.Qg3 Rb5 50.Rd8 Rb7 51.Rd3 Kh7 52.Qf4 Qf7 53.Qe3 Qe7 54.Qg3 
Bg6 55.Re3 Qd7 56.Qe5 Rb5 57.Qc3 Rb7 58.Rg3 Qc7 59.Qd4 Qd7 60.Qe3 Qd1+ 61.
Kh2 Qc2 62.Rxg6 Kxg6 63.Qg3+ Kh7 64.h5 Qxe4 65.f3 Qf5 66.Qh4 Qg5 67.Qe4+ 
Qf5 68.Qxb7 Qxh5+ 69.Kg1 Qc5+ 70.Kf1 Qc4+ 71.Ke1 e5 72.Qe4+ Qxe4+ 73.fxe4 
Kg6 74.Bxe5 Kf7 75.Kd2 g5 76.Kc3 Ke6 77.Bb8 h5 78.Kxb3 h4 79.Kc3 g4 80.Kd3
Kf6 81.Ke3 Kg5 82.Be5 g3 83.Kf3 Kh5 84.Bf6 1-0

[Event "Asia-ch U20 (girls)"]
[Site "Chennai IND"]
[Date "2008.12.07"]
[Round "2"]
[White "Mohana, Priya J"]
[Black "Nadig, Kruttika"]
[Result "0-1"]
[WhiteElo "2073"]
[BlackElo "2387"]
[EventDate "2008.12.05"]
[PlyCount "74"]

1.d4 d5 2.Nf3 Nf6 3.g3 g6 4.Bg2 Bg7 5.O-O O-O 6.c4 dxc4 7.Ne5 Nc6 8.Nxc6 
bxc6 9.Na3 Be6 10.Qc2 Qxd4 11.Rd1 Qc5 12.e4 Qh5 13.f3 Qc5+ 14.Qf2 Qxf2+ 
15.Kxf2 Rab8 16.Bf1 Nd7 17.Bxc4 Bxb2 18.Bxe6 fxe6 19.Rb1 Bxc1 20.Rbxc1 Ne5
21.f4 g5 22.Rb1 Rxb1 23.Rxb1 gxf4 24.gxf4 Rxf4+ 25.Ke3 Rf3+ 26.Kd4 Nd7 27.
Rb3 Rf2 28.Ke3 Rxh2 29.Nc4 Rh3+ 30.Kf4 Rxb3 31.axb3 e5+ 32.Kf5 Kf7 33.Na5 
e6+ 34.Kg5 Nc5 35.Nxc6 Nxe4+ 36.Kg4 a6 37.Nxe5+ Ke7 0-1

[Event "Asia-ch U20 (girls)"]
[Site "Chennai IND"]
[Date "2008.12.07"]
[Round "2"]
[White "Padmini, Rout"]
[Black "Bharathi, R"]
[Result "1/2-1/2"]
[WhiteElo "2235"]
[BlackElo "2031"]
[EventDate "2008.12.05"]
[PlyCount "90"]

1.e4 c6 2.d4 d5 3.e5 c5 4.dxc5 Nc6 5.Bb5 e6 6.Be3 Ne7 7.Nf3 Bd7 8.O-O Nxe5
9.Nxe5 Bxb5 10.c4 Bc6 11.Nc3 dxc4 12.Qg4 Nd5 13.Nxd5 Bxd5 14.Nxc4 Qf6 15.
Rac1 Qg6 16.Qh3 Be7 17.Rfd1 O-O 18.Ne5 Qe4 19.Nd7 Rfd8 20.Rd4 Qg6 21.Ne5 
Qf5 22.Qxf5 exf5 23.b3 Bf6 24.f4 Rac8 25.Rcd1 Be4 26.b4 Re8 27.Rd7 Bxe5 
28.fxe5 Bc6 29.R7d6 Rxe5 30.Rd8+ Re8 31.Rxc8 Rxc8 32.Kf2 f6 33.g3 Kf7 34.
Bf4 Re8 35.Rd2 Re4 36.a3 g5 37.Be3 f4 38.gxf4 gxf4 39.Bd4 f3 40.Be3 Rg4 
41.Ke1 f5 42.Rd4 Rg2 43.Rd2 Rg4 44.Rd4 Re4 45.Kf2 Rg4 1/2-1/2

[Event "Asia-ch U20 (girls)"]
[Site "Chennai IND"]
[Date "2008.12.07"]
[Round "2"]
[White "Preethi, Rajkumar"]
[Black "Supriya, Joshi"]
[Result "1-0"]
[WhiteElo "2156"]
[BlackElo "1771"]
[EventDate "2008.12.05"]
[PlyCount "125"]

1.e4 c5 2.Nf3 g6 3.d4 cxd4 4.Nxd4 Nf6 5.Nc3 Nc6 6.Be3 Bg7 7.Be2 O-O 8.Qd2 
d5 9.exd5 Nxd5 10.Nxd5 Qxd5 11.Bf3 Qc4 12.Be2 Qd5 13.Nxc6 bxc6 14.Qxd5 
cxd5 15.O-O-O e6 16.h4 Rb8 17.Bd4 Bxd4 18.Rxd4 Bb7 19.h5 e5 20.Ra4 d4 21.
f3 Ra8 22.Bd3 a5 23.hxg6 hxg6 24.Re1 Rfe8 25.Bb5 Re6 26.Bc4 Ree8 27.Bd3 
Kg7 28.Kd2 f5 29.Rc4 Rac8 30.Ra4 Ra8 31.Bb5 Re6 32.Rxd4 Kf6 33.Rd7 Rb6 34.
a4 e4 35.fxe4 Bxe4 36.g3 Rh8 37.c4 Ke6 38.Rg7 Kf6 39.Ra7 Rh2+ 40.Kc3 Rh3 
41.Rg1 f4 42.Kd4 Rxg3 43.Rf1 Bf3 44.c5 Re6 45.Rxa5 Re4+ 46.Kd5 Rxa4+ 47.
Rxf3 Rxa5 48.Rxf4+ Kg5 49.Rb4 Kf6 50.Kc6 Ke5 51.Kb6 Ra8 52.Kb7 Rf8 53.c6 
Kd6 54.c7 Kc5 55.Rf4 Rh8 56.Ba4 g5 57.b4+ Kd6 58.Rd4+ Ke5 59.Rd8 Rh7 60.
Bd7 Rc3 61.c8=Q Rxc8 62.Kxc8 Kd6 63.Bf5+ 1-0

[Event "Asia-ch U20 (girls)"]
[Site "Chennai IND"]
[Date "2008.12.07"]
[Round "2"]
[White "Shristi, J Shetty"]
[Black "Divyasri, CH"]
[Result "0-1"]
[WhiteElo "1959"]
[BlackElo "2124"]
[EventDate "2008.12.05"]
[PlyCount "116"]

1.e4 e5 2.Nf3 Nc6 3.Bb5 a6 4.Ba4 Nf6 5.Bxc6 dxc6 6.d3 Bd6 7.Nbd2 Nd7 8.Nc4
c5 9.a4 b6 10.O-O O-O 11.Bg5 f6 12.Bh4 Re8 13.Bg3 Nf8 14.c3 Be6 15.Ne3 b5 
16.Nh4 Qd7 17.Qc2 Reb8 18.Rfb1 Ng6 19.Nhf5 Bf8 20.c4 Nf4 21.Bxf4 exf4 22.
Nd5 Bxf5 23.exf5 Bd6 24.axb5 axb5 25.Rxa8 Rxa8 26.cxb5 Qxb5 27.Qc4 Qxc4 
28.dxc4 Be5 29.g3 f3 30.Ne3 Ra2 31.Nd1 Kf7 32.Kf1 Ke7 33.Ke1 Kd6 34.Kd2 
Bd4 35.Nc3 Bxc3+ 36.Kxc3 Ke5 37.Rd1 Kxf5 38.Rd5+ Kg4 39.Rd3 Ra1 40.h3+ 
Kxh3 41.Rxf3 Rd1 42.Rf5 Rd7 43.Rxc5 Kg4 44.Ra5 h5 45.b4 g5 46.c5 h4 47.
gxh4 gxh4 48.Ra8 Rh7 49.b5 h3 50.b6 cxb6 51.cxb6 Rb7 52.Rh8 Rxb6 53.Kd2 
Rb5 54.Ke2 Rh5 55.Rg8+ Kf4 56.Rg1 h2 57.Rh1 Rh8 58.Ke1 Kf3 0-1

[Event "Asia-ch U20 (girls)"]
[Site "Chennai IND"]
[Date "2008.12.07"]
[Round "2"]
[White "Sowmia, A"]
[Black "Apurva, G"]
[Result "1-0"]
[WhiteElo "1685"]
[BlackElo "1909"]
[EventDate "2008.12.05"]
[PlyCount "79"]

1.e4 c5 2.f4 d5 3.exd5 Qxd5 4.Nc3 Qd8 5.Nf3 Nf6 6.Ne5 e6 7.Qf3 a6 8.b3 Be7
9.Bb2 Nbd7 10.Bd3 Qc7 11.Ne4 Nxe4 12.Qxe4 f5 13.Qf3 O-O 14.Bc4 Nb6 15.
O-O-O Nxc4 16.Nxc4 Bf6 17.Be5 Bxe5 18.Nxe5 Rb8 19.Qc3 b5 20.b4 Bb7 21.Rhg1
c4 22.g4 Qe7 23.g5 a5 24.a3 axb4 25.Qxb4 Qxb4 26.axb4 Ra8 27.Kb2 Ra4 28.c3
Rd8 29.d4 cxd3 30.Nxd3 Bd5 31.Ra1 Rxa1 32.Rxa1 Be4 33.Ne5 Rd2+ 34.Kc1 Rxh2
35.Ra5 Rc2+ 36.Kd1 Rxc3 37.Rxb5 h5 38.Rb8+ Kh7 39.g6+ Kh6 40.Rh8# 1-0

[Event "Asia-ch U20 (girls)"]
[Site "Chennai IND"]
[Date "2008.12.07"]
[Round "2"]
[White "Thilakawardana, Supeshala"]
[Black "Bhuvaneshwari, R"]
[Result "1-0"]
[WhiteElo "1815"]
[BlackElo "1650"]
[EventDate "2008.12.05"]
[PlyCount "103"]

1.d4 d5 2.Nf3 Nf6 3.c4 e6 4.Bg5 c6 5.cxd5 exd5 6.Nc3 Nbd7 7.e3 Be7 8.Bd3 
O-O 9.O-O Re8 10.Rb1 Nf8 11.b4 Bg4 12.h3 Bh5 13.g4 Bg6 14.Ne5 Bxd3 15.Qxd3
Ne4 16.Bxe7 Qxe7 17.Nxe4 dxe4 18.Qb3 Rad8 19.b5 c5 20.Rbd1 cxd4 21.exd4 
Ne6 22.Qe3 Nxd4 23.Rxd4 Qxe5 24.Rxd8 Rxd8 25.Qxa7 Qxb5 26.Re1 h6 27.Qe3 
Re8 28.f3 Qb2 29.Re2 Qa1+ 30.Kf2 Qf6 31.Kg3 Qd6+ 32.Qf4 Qxf4+ 33.Kxf4 g5+ 
34.Kg3 e3 35.f4 Kg7 36.a3 Kf6 37.Kf3 gxf4 38.Kxf4 b5 39.Rxe3 Rxe3 40.Kxe3 
Ke5 41.h4 Kd5 42.Kd3 Kc5 43.g5 h5 44.Ke4 Kc6 45.Ke5 Kd7 46.Kf6 Ke8 47.g6 
Kf8 48.Kg5 Kg7 49.gxf7 Kxf7 50.Kxh5 Kf6 51.Kg4 Kg6 52.h5+ 1-0

[Event "Asia-ch U20 (girls)"]
[Site "Chennai IND"]
[Date "2008.12.07"]
[Round "2"]
[White "Uthra, P"]
[Black "Taraswinee, B"]
[Result "1-0"]
[WhiteElo "2114"]
[BlackElo "1819"]
[EventDate "2008.12.05"]
[PlyCount "105"]

1.c4 Nf6 2.Nc3 e6 3.e4 d6 4.g3 c5 5.Bg2 Nc6 6.Nge2 Be7 7.O-O Bd7 8.d3 a6 
9.f4 Rb8 10.a4 Qa5 11.Ra3 O-O 12.h3 Ne8 13.f5 exf5 14.exf5 Nd4 15.Nd5 
Nxe2+ 16.Qxe2 Bf6 17.Kh2 Qd8 18.Qg4 g6 19.Bh6 Bg7 20.Bg5 f6 21.Bd2 gxf5 
22.Rxf5 Bxf5 23.Qxf5 Rf7 24.Be4 Bh8 25.Bh6 Qd7 26.Qf4 f5 27.Bf3 Bg7 28.Bg5
Kh8 29.Bh5 Rf8 30.Qh4 Qe6 31.Ra1 Bf6 32.Nf4 Bxg5 33.Nxe6 Bxh4 34.Nxf8 
Bxg3+ 35.Kxg3 Nf6 36.Bf3 Rxf8 37.Bxb7 a5 38.Kf4 Nh5+ 39.Kg5 Ng7 40.Re1 Rb8
41.Re7 Rf8 42.Bd5 f4 43.Bf3 Rf5+ 44.Kg4 h5+ 45.Kh4 Rf6 46.Kg5 Rf5+ 47.Kg6 
Re5 48.Rxg7 Re6+ 49.Kf7 Re3 50.Rg8+ Kh7 51.Be4+ Kh6 52.h4 Rxe4 53.Rh8# 1-0